| 000 | 00536nam a22001817a 4500 | ||
|---|---|---|---|
| 005 | 20140310182759.0 | ||
| 008 | 130212t xxu||||| |||| 00| 0 eng d | ||
| 020 | _a9814040495 | ||
| 050 |
_aHF 1416 _b.N44 1999 |
||
| 100 | _aNelson, Carl A. | ||
| 245 |
_aExporting : _cCarl A. Nelson. _ba manager's guide to the world market / |
||
| 260 |
_aLondon : _bInternational Thomson Business Press, _c1999. |
||
| 300 |
_a257 p. : _bill. ; _c24 cm. |
||
| 521 | _aBSBA | ||
| 650 | _aExport marketing | ||
| 942 |
_2lcc _cBK _kFOR |
||
| 999 |
_c15924 _d15924 |
||